| 000 | 01152pam a2200325 a 4500 | ||
|---|---|---|---|
| 001 | 015830459 | ||
| 003 | EG-ScBUE | ||
| 005 | 20211208104842.0 | ||
| 008 | 110620r20202011enka f b 001 0 eng d | ||
| 020 | _a9781408147009 (pbk.) | ||
| 040 |
_aStDuBDS _beng _erda _cStDuBDS _dUk _dEG-ScBUE |
||
| 082 | 0 | 4 |
_a746.6 _bWIS _222 |
| 100 | 1 |
_aWisbrun, Laurie, _eauthor. |
|
| 245 | 1 | 4 |
_aThe complete guide to designing and printing fabric : _btechniques, tutorials & inspiration for the innovative designer / _cLaurie Wisbrun. |
| 250 | _aReprint edition. | ||
| 264 | 1 |
_aLondon ; _aNew York : _bBloomsbury Visual Arts, _c2020. |
|
| 300 |
_a208 pages : _billustrations (chiefly color) ; _c28 cm |
||
| 336 |
_atext _2rdacontent _btxt |
||
| 337 |
_aunmediated _2rdamedia _bn |
||
| 338 |
_avolume _2rdacarrier _bnc |
||
| 500 | _a"A Rotovision book." | ||
| 500 | _aIncludes glossary. | ||
| 504 | _aIncludes bibliographical references and index. | ||
| 650 | 7 |
_aTextile design. _2BUEsh |
|
| 650 | 7 |
_aTextile printing. _2BUEsh |
|
| 653 |
_bART _cDecember2021 |
||
| 655 |
_vReading book _934232 |
||
| 942 |
_2ddc _cBB |
||
| 999 |
_c29705 _d29676 |
||